000 01430cam a2200277 4500500
005 20260208004954.0
041 _afre
042 _adc
100 1 0 _aOuellet, Nelson
_eauthor
245 0 0 _aL'État face à la violence raciale durant la Reconstruction. Le cas de l'Alabama et du Tennessee (1865-1877)
260 _c2006.
500 _a86
520 _aBy examining the responses to racial violence that two southern states proposed during the Reconstruction period, this article sheds light on the diverse nature of the federal military intervention and establishes the significance of political autonomy on the limits and meaning of freedom. Mindful of the local, regional, and federal experiences, the article connects the legislative records of the states of Tennessee and Alabama to the struggle between due process advocates and “rough justice” defenders. By doing so, it adds to the rich literature on the origins of the Jim Crow South.
690 _aAlabama
690 _aloi
690 _areconstruction
690 _aTennessee
690 _aviolence
690 _aAlabama
690 _alaw
690 _areconstruction
690 _aTennessee
690 _aviolence
786 0 _nRevue française d’études américaines | 108 | 2 | 2006-09-01 | p. 98-117 | 0397-7870
856 4 1 _uhttps://shs.cairn.info/revue-francaise-d-etudes-americaines-2006-2-page-98?lang=fr&redirect-ssocas=7080
999 _c1650001
_d1650001